Drapeaux de pays commençant "E" - Statistiques

Statistiques générales
  • Ce quiz a été pris 129 fois
  • Le résultat moyen est 8 sur 9
Statistiques - réponses
Par images Réponse % Correct
Espagne
99%
Estonie
96%
Etats-Unis
96%
Égypte
94%
Équateur
93%
Éthiopie
91%
Émirats arabes unis
89%
Érythrée
78%
Eswatini
72%
Aucun quiz correspondant
Distribution des résultats
% des personnes avec chaque résultat
Percentile par nombre de réponses
Votre historique - résultats
Vous n’avez pas pris ce quiz